| 000 | nam a22 7a 4500 | ||
|---|---|---|---|
| 999 |
_c329922 _d329922 |
||
| 003 | NUST | ||
| 005 | 20170531124834.0 | ||
| 008 | 170531b xxu||||| |||| 00| 0 eng d | ||
| 040 | _c0 | ||
| 050 | _a363.7 KHA | ||
| 082 | _a363.7 KHA | ||
| 100 |
_aKhan,Waqas Ahmed _91730 |
||
| 245 |
_aMonitoring and Camparing The Formaldehyde Concentration Over Islamabad and Pir Sohawa Valley By Exploiting Max-Bosa Satellite Observations _cWaqas Ahmed Khan |
||
| 260 |
_aIslamabad _bIESE (SCEE) NUST _c2016 |
||
| 300 |
_a50p. _bH.B |
||
| 440 |
_aMS Environmental Science _91724 |
||
| 500 | _aThesis MS ES | ||
| 650 |
_aEnvironmental Science _91725 |
||
| 700 | _4Dr. M Fahim Khokhar (Supervisor) | ||
| 942 |
_2ddc _cTHE _kIESE |
||